Central Library OPAC University of Rajshahi

বিশ্বনবী / (Record no. 44802)

MARC details
000 -LEADER
fixed length control field 00950nam a2200253 a 4500
001 - CONTROL NUMBER
control field 44802
003 - CONTROL NUMBER IDENTIFIER
rucl marc code BD-RjUL
005 - DATE AND TIME OF LATEST TRANSACTION
control field 20211209053924.0
008 - FIXED-LENGTH DATA ELEMENTS--GENERAL INFORMATION
fixed length control field 160720s1968 pk a|||| b||| 00| 0bben d
020 ## - INTERNATIONAL STANDARD BOOK NUMBER
Terms of availability : PRs. 15.00
035 ## - SYSTEM CONTROL NUMBER
System control number (BD-RjUL)44920
040 ## - CATALOGING SOURCE
Original cataloging agency BD-RjUL
Language of cataloging ben
Transcribing agency BD-RjUL
041 ## - LANGUAGE CODE
Language code of text/sound track or separate title ben
082 ## - DEWEY DECIMAL CLASSIFICATION NUMBER
Edition number 23
Classification number 297.63
Author mark and year MOB 1968
100 1# - MAIN ENTRY--PERSONAL NAME
Personal name মোস্তফা, গোলাম
9 (RLIN) 124144
245 10 - TITLE STATEMENT
Title বিশ্বনবী /
Statement of responsibility, etc. গোলাম মোস্তফা
250 ## - EDITION STATEMENT
Edition statement ১০ম সং.
260 ## - PUBLICATION, DISTRIBUTION, ETC. (IMPRINT)
Place of publication, distribution, etc. ঢাকা :
Name of publisher, distributor, etc. আহমদ পাবলিশিং হাউস,
Date of publication, distribution, etc. ১৯৬৮
300 ## - PHYSICAL DESCRIPTION
Pagination [১৬], ২২১, [৩] পৃ. :
Illustrations চিত্র ;
Size ২১ সেমি.
504 ## - BIBLIOGRAPHY, ETC. NOTE
Bibliography, etc গ্রন্থপঞ্জি সংযুক্ত
600 ## - SUBJECT ADDED ENTRY--PERSONAL NAME
Personal name হযরত মুহাম্মদ (সা)
General subdivision জীবনী
Personal name Hazrat Muḥammad (SM)
General subdivision Biography
942 ## - ADDED ENTRY ELEMENTS (KOHA)
Source of classification or shelving scheme Dewey Decimal Classification
Koha item type Books
Holdings
Lost status Source of classification or shelving scheme Damaged status Not for loan Collection code Permanent Location Current Location Shelving location Date acquired Source of acquisition Cost, normal purchase price Total Checkouts Full call number Date last seen Copy number Koha item type
  Dewey Decimal Classification     Non-fiction Central Library, University of Rajshahi Central Library, University of Rajshahi   26/06/1970 Pakistan Book Corporation 15.00   B 297.63 MOB 1968 20/07/2016 C-2 Books
  Dewey Decimal Classification   Not For Loan Non-fiction Central Library, University of Rajshahi Central Library, University of Rajshahi Reading Room 26/12/2019   15.00   B 297.63 MOB 1968 26/12/2019 C-1 Books